| 000 | 00384nam a2200145Ia 4500 | ||
|---|---|---|---|
| 008 | 150201s1995 xx 000 0 und d | ||
| 082 |
_a614.1 _bP95N |
||
| 100 | _aNANDY, APURBA | ||
| 245 | _aPRINCIPLES OF FORERNSIC MEDICINE INCLUDING TOXICOLOGY | ||
| 250 | _a2ND | ||
| 260 |
_bNEWE CENTRAL AGENCY _aDELHI _c1995 |
||
| 300 | _a1-1013 | ||
| 650 | _aFORENSIC MEDICINE | ||
| 942 |
_2ddc _cBK |
||
| 999 |
_c1235 _d1235 |
||